| 000 | 01326cad a22002295a 4500 | ||
|---|---|---|---|
| 001 | L149717 | ||
| 008 | 100414e20100731xxk f l 000 0 eng d | ||
| 020 | _a9781409824145 | ||
| 035 | _a(Sirsi) u149717 | ||
| 041 | 0 | _aeng | |
| 050 | 0 | 4 | _a333.72 $2 18 |
| 110 | 2 |
_aUnited Kingdom _bDepartment for Communities and Local Government _94939 |
|
| 245 | 0 | 0 |
_aConsultation on the recast of the energy performance of buildings directive _bsummary of responses _h[electronic resource] |
| 260 |
_aLondon _bDCLG _c2010 |
||
| 520 | _aThe Energy Performance of Buildings Directive (EPBD) is an EU measure designed to tackle climate change by reducing the amount of carbon produced by buildings. This paper contains 75 responses to the key elements of the recast. A majority of respondents supported the Government?s position. There was not a separate question on rolling out Display Energy Certificates to the commercial sector but 19 respondents took the opportunity to push for such a change. | ||
| 590 | _aKA | ||
| 650 | 2 | 4 | _aDIRECTIVE 2002/91/EC |
| 651 | 4 |
_aEngland and Wales _y1543- |
|
| 690 | _aENVIRONMENTAL AND LAND CONSULTANCY-ENERGY-ENERGY USE-ENERGY EFFICIENCY | ||
| 856 | 4 | 0 |
_uhttps://www.communities.gov.uk/documents/planningandbuilding/pdf/1529707.pdf _zView the item free of charge at www.communities.gov.uk |
| 942 | _n0 | ||
| 999 |
_c110609 _d110609 |
||